Čo priniesla novela Zákonníka práce účinná od l. marca 2010
Najdôležitejšie ustanovenia poslednej novely Zákonníka práce, ktoré zabezpečujú flexibilitu pracovnoprávnych vzťahov. Zákon č. 574/2009 Z. z., ktorým sa mení a dopĺňa zákon č. 311/2001 Z. z. Zákonník práce v znení neskorších predpisov. Zosúladenie vnútroštátnych právnych predpisov Slovenskej republi...
Salvato in:
| Autore principale: | |
|---|---|
| Natura: | Capitolo di libro |
| Lingua: | slovacco |
| Soggetti: | |
| Tags: |
Nessun Tag, puoi essere il primo ad aggiungerne!!
|
MARC
| LEADER | 00000naa a2200000 4500 | ||
|---|---|---|---|
| 001 | 0136688 | ||
| 005 | 20220729105118.2 | ||
| 041 | 0 | |a slo | |
| 044 | |a SK | ||
| 245 | 1 | 0 | |a Čo priniesla novela Zákonníka práce účinná od l. marca 2010 |c Mária Rybárová |
| 520 | |a Najdôležitejšie ustanovenia poslednej novely Zákonníka práce, ktoré zabezpečujú flexibilitu pracovnoprávnych vzťahov. Zákon č. 574/2009 Z. z., ktorým sa mení a dopĺňa zákon č. 311/2001 Z. z. Zákonník práce v znení neskorších predpisov. Zosúladenie vnútroštátnych právnych predpisov Slovenskej republiky so Smernicou Rady 97/81/ES týkajúcej sa rámcovej dohody o práci na kratší pracovný čas, Smernicou Rady 1999/70/ES o rámcovej dohode o práci na dobu určitú a Smernicou Európskeho parlamentu a Rady 2008/104/ES o dočasnej agentúrnej práci. | ||
| 610 | 2 | 0 | |a Slovensko |
| 610 | 2 | 0 | |a zákonník práce |
| 610 | 2 | 0 | |a novelizácia |
| 610 | 2 | 0 | |a dohody pracovné |
| 610 | 2 | 0 | |a vznik pomeru pracovného |
| 610 | 2 | 0 | |a legislatíva |
| 610 | 2 | 0 | |a smernice |
| 610 | 2 | 0 | |a Európska únia |
| 100 | 1 | |a Rybárová, Mária | |